[Event "ODJM B 2018"]
[Site "Willingen GER"]
[Date "2018.05.22"]
[Round "4"]
[White "Seinsoth, Paul"]
[Black "Laag, Pascal"]
[Result "1/2-1/2"]
[Termination "normal"]
[Board "21"]
[WhiteElo "1482"]
[BlackElo "1743"]
[PlyCount "115"]
[WhiteFideId "12994634"]
[BlackFideId "16256069"]
[EventCountry "GER"]
[EventRounds "9"]
[EventType "swiss"]
[EventDate "2018.05.19"]

1. e4 c5 2. Nf3 Nc6 3. d4 cxd4 4. Nxd4 Nf6 5. Nc3 e5 6. Ndb5 d6 7. Bg5 a6 8.
Na3 Be6 9. f3 Be7 10. Qd2 h6 11. Be3 Nh5 12. Nd5 Bg5 13. Bxg5 hxg5 14. Qf2 Bxd5
15. exd5 Qa5+ 16. Qd2 Qxd2+ 17. Kxd2 Ne7 18. g4 Nf4 19. c4 Neg6 20. Nc2 Nh4 21.
Be2 Rc8 22. Ne3 Nxe2 23. Kxe2 Ng6 24. Nf5 Nf4+ 25. Ke3 Kd7 26. b3 g6 27. Ng3
Ke7 28. Ne2 f5 29. gxf5 gxf5 30. Nxf4 gxf4+ 31. Kf2 Rcg8 32. Rag1 Rxg1 33. Kxg1
Kf6 34. Kf2 b6 35. h4 e4 36. fxe4 fxe4 37. a3 Ke5 38. h5 Kd4 39. h6 Ke5 40. h7
e3+ 41. Kf3 Kd4 42. Kxf4 e2 43. Re1 Kd3 44. Kf5 Rxh7 45. Ke6 Rh6+ 46. Kd7 Kd2
47. Rxe2+ Kxe2 48. Kc6 Kd3 49. Kxb6 Kc3 50. Kxa6 Kxb3 51. Kb5 Kxa3 52. c5 dxc5
53. Kxc5 Rh8 54. Kc6 Rh1 55. d6 Rd1 56. d7 Ka4 57. Kc7 Rc1+ 58. Kb8 1/2-1/2

[Event "ODJM B 2018"]
[Site "Willingen GER"]
[Date "2018.05.22"]
[Round "4"]
[White "Stork, Christopher"]
[Black "Schilay, Maria"]
[Result "1-0"]
[Termination "normal"]
[Board "22"]
[WhiteElo "1715"]
[BlackElo "1354"]
[PlyCount "105"]
[WhiteFideId "16215400"]
[BlackFideId "12942979"]
[EventCountry "GER"]
[EventRounds "9"]
[EventType "swiss"]
[EventDate "2018.05.19"]

1. e4 e5 2. Nf3 Nc6 3. d4 exd4 4. Nxd4 Bc5 5. Be3 Bb6 6. Nxc6 bxc6 7. Bxb6 axb6
8. Nc3 d6 9. Bc4 Nf6 10. a3 O-O 11. O-O Bb7 12. Re1 Re8 13. Qd2 d5 14. exd5
Rxe1+ 15. Rxe1 cxd5 16. Bb3 Qd7 17. Rd1 Rd8 18. Qg5 h6 19. Qg3 c6 20. f3 Qe7
21. Qf2 d4 22. Ne2 c5 23. Re1 Re8 24. Ba4 Ra8 25. Bb5 Qd6 26. c3 d3 27. Rd1 d2
28. Ng3 Rd8 29. Nf1 Qf4 30. Rxd2 Rb8 31. Qg3 Qxg3 32. Nxg3 Bc8 33. Rd8+ Kh7 34.
Ba6 Bxa6 35. Rxb8 Nd7 36. Re8 Bc4 37. Re1 Be6 38. Kf2 Kg6 39. Rd1 Ne5 40. b4 c4
41. Rd6 Nd3+ 42. Ke3 b5 43. Rb6 Kf6 44. Rxb5 Ke7 45. Ne4 Bd7 46. Rb7 Kd8 47.
Nc5 Nxc5 48. bxc5 Be6 49. Kd4 Kc8 50. c6 Kd8 51. a4 Bc8 52. a5 Bxb7 53. cxb7
1-0

[Event "ODJM B 2018"]
[Site "Willingen GER"]
[Date "2018.05.22"]
[Round "4"]
[White "Wieber, Dominik"]
[Black "Grob, Marvin"]
[Result "1-0"]
[Termination "normal"]
[Board "24"]
[WhiteElo "1790"]
[BlackElo "1774"]
[PlyCount "97"]
[WhiteFideId "24699012"]
[BlackFideId "16247817"]
[EventCountry "GER"]
[EventRounds "9"]
[EventType "swiss"]
[EventDate "2018.05.19"]

1. e4 c5 2. Nf3 d6 3. Bc4 Nf6 4. c3 e6 5. d3 Be7 6. O-O O-O 7. h3 b6 8. Bb3 Bb7
9. Nbd2 Nbd7 10. Re1 Qc7 11. Nf1 Rac8 12. Ng3 Qb8 13. Qe2 Qa8 14. Nh2 Rfe8 15.
f4 Bf8 16. e5 Nd5 17. Ng4 Rc7 18. Ba4 a6 19. Bxd7 Rxd7 20. Ne4 Kh8 21. c4 Nb4
22. Nef6 Red8 23. Nxd7 Rxd7 24. a3 Nc6 25. Be3 dxe5 26. Nxe5 Nxe5 27. fxe5 Qd8
28. Rf1 Kg8 29. Rad1 Be7 30. Qf2 f5 31. d4 cxd4 32. Rxd4 Rxd4 33. Bxd4 Qc7 34.
Bxb6 Qxc4 35. Rd1 Bc6 36. Qe3 h6 37. Rc1 Qd5 38. Qf3 Qxf3 39. gxf3 Bxf3 40.
Rc8+ Kh7 41. Re8 Bg5 42. Rxe6 Be4 43. Bf2 Bd3 44. Rd6 Bc4 45. Rb6 Kg8 46. b3
Bd3 47. Bc5 Kf7 48. e6+ Ke8 49. Rb8+ 1-0

[Event "ODJM B 2018"]
[Site "Willingen GER"]
[Date "2018.05.22"]
[Round "4"]
[White "Kolb, Tobias"]
[Black "Hoppe, Nico"]
[Result "0-1"]
[Termination "normal"]
[Board "25"]
[WhiteElo "1740"]
[BlackElo "1612"]
[PlyCount "54"]
[WhiteFideId "12992321"]
[BlackFideId "16225520"]
[EventCountry "GER"]
[EventRounds "9"]
[EventType "swiss"]
[EventDate "2018.05.19"]

1. e4 g6 2. Nc3 Bg7 3. g3 b6 4. Bg2 Bb7 5. d3 e6 6. f4 Ne7 7. Nf3 d6 8. O-O
Nbc6 9. g4 Qd7 10. Bd2 O-O-O 11. Rb1 f5 12. h3 e5 13. Nh2 h5 14. g5 Nd4 15. Nd5
fxe4 16. dxe4 Nxd5 17. exd5 Nf5 18. c3 Rde8 19. Qc2 Rhf8 20. b4 Nh4 21. c4 exf4
22. Rxf4 Rxf4 23. Bxf4 Bd4+ 24. Kf1 Rf8 25. Qd2 Qf5 26. Qxd4 Qxb1+ 27. Kf2 Qc2+
0-1

[Event "ODJM B 2018"]
[Site "Willingen GER"]
[Date "2018.05.22"]
[Round "4"]
[White "Leßmann, Sönke"]
[Black "Schelhorn, Paul"]
[Result "1-0"]
[Termination "normal"]
[Board "26"]
[WhiteElo "1656"]
[BlackElo "1759"]
[PlyCount "103"]
[WhiteFideId "16222520"]
[BlackFideId "12964077"]
[EventCountry "GER"]
[EventRounds "9"]
[EventType "swiss"]
[EventDate "2018.05.19"]

1. e4 e5 2. Nf3 d5 3. exd5 e4 4. Qe2 f5 5. d3 Qxd5 6. Nc3 Bb4 7. Bd2 Bxc3 8.
Bxc3 Ne7 9. dxe4 fxe4 10. Nd2 Bf5 11. Bxg7 Rg8 12. Qh5+ Bg6 13. Qxd5 Nxd5 14.
Bh6 Nd7 15. O-O-O O-O-O 16. Nc4 Bf7 17. g3 N5f6 18. h3 Rg6 19. Bf4 Nh5 20. Be3
Rc6 21. Rxd7 Rxd7 22. Ne5 Rcd6 23. Nxd7 Kxd7 24. Be2 Nf6 25. Bf4 Rb6 26. Rd1+
Ke7 27. Bxc7 Rc6 28. Bd8+ Kf8 29. Bb5 Re6 30. Bc4 Rc6 31. Bxf7 Kxf7 32. Rd4 Re6
33. Bxf6 Kxf6 34. Kd2 Ra6 35. a4 Kf5 36. Ke3 Rc6 37. c3 Re6 38. g4+ Kg5 39.
Rxe4 Rh6 40. Re5+ Kh4 41. Rh5+ Rxh5 42. gxh5 Kxh3 43. f4 Kh4 44. Ke4 Kxh5 45.
Ke5 Kg6 46. Ke6 Kg7 47. f5 Kf8 48. Kf6 b6 49. b4 a6 50. c4 h6 51. c5 a5 52.
cxb6 1-0

[Event "ODJM B 2018"]
[Site "Willingen GER"]
[Date "2018.05.22"]
[Round "4"]
[White "Kögel, Josef"]
[Black "Strack, Patrick"]
[Result "0-1"]
[Termination "normal"]
[Board "27"]
[WhiteElo "1527"]
[BlackElo "1742"]
[PlyCount "54"]
[WhiteFideId "16237641"]
[BlackFideId "16266021"]
[EventCountry "GER"]
[EventRounds "9"]
[EventType "swiss"]
[EventDate "2018.05.19"]

1. d4 d5 2. c4 e6 3. cxd5 exd5 4. Nc3 Nf6 5. Bg5 Be7 6. Qc2 c6 7. e3 Bg4 8. Bd3
Bh5 9. Nge2 Bg6 10. Bxg6 fxg6 11. O-O-O Na6 12. Nf4 Qd6 13. Kb1 O-O 14. Qe2 Qd7
15. g4 Bb4 16. Bxf6 Rxf6 17. Rc1 Re8 18. Nd3 Bd6 19. h4 Nb4 20. Nxb4 Bxb4 21.
Na4 Rf4 22. Qc2 Rxg4 23. Rcg1 Ree4 24. Rxg4 Rxg4 25. f3 Rg3 26. Qf2 Qf5+ 27.
Ka1 Rxf3 0-1

[Event "ODJM B 2018"]
[Site "Willingen GER"]
[Date "2018.05.22"]
[Round "4"]
[White "Schmidt, Arne"]
[Black "von der Weyden, Louis"]
[Result "1-0"]
[Termination "normal"]
[Board "28"]
[WhiteElo "1727"]
[BlackElo "1504"]
[PlyCount "81"]
[WhiteFideId "16263154"]
[BlackFideId "16207050"]
[EventCountry "GER"]
[EventRounds "9"]
[EventType "swiss"]
[EventDate "2018.05.19"]

1. Nf3 Nc6 2. g3 e5 3. d3 Nf6 4. Bg2 Bc5 5. O-O O-O 6. Nxe5 Nxe5 7. d4 Bxd4 8.
Qxd4 Nc6 9. Qd1 d6 10. Nc3 Bf5 11. e4 Be6 12. Nd5 Ne5 13. Bg5 Ned7 14. f4 c6
15. Nxf6+ Nxf6 16. e5 Qb6+ 17. Kh1 Ng4 18. f5 Bxf5 19. Rxf5 Nf2+ 20. Rxf2 Qxf2
21. exd6 f6 22. Bd2 Rfd8 23. Be1 Qc5 24. c3 Rxd6 25. Qb3+ Kf8 26. Qb4 Qxb4 27.
cxb4 Rad8 28. Bf3 f5 29. Rc1 b6 30. Bc3 Kf7 31. Kg2 g6 32. a4 Rc8 33. Be2 Ke7
34. Bc4 Rc7 35. Kf3 g5 36. Be5 Rcd7 37. Bxd6+ Rxd6 38. Re1+ Kf6 39. Re8 Rd7 40.
Re6+ Kg7 41. Rxc6 1-0

[Event "ODJM B 2018"]
[Site "Willingen GER"]
[Date "2018.05.22"]
[Round "4"]
[White "Kublanov, Carolin"]
[Black "Kistner, Sinan"]
[Result "1-0"]
[Termination "normal"]
[Board "29"]
[WhiteElo "1750"]
[BlackElo "1552"]
[PlyCount "37"]
[WhiteFideId "12944548"]
[BlackFideId "16219643"]
[EventCountry "GER"]
[EventRounds "9"]
[EventType "swiss"]
[EventDate "2018.05.19"]

1. e4 c6 2. d4 d5 3. e5 Bf5 4. Nf3 e6 5. Nc3 Nd7 6. Bd2 Ne7 7. Nh4 Qb6 8. g4
Bxg4 9. Qxg4 Ng6 10. Nxg6 hxg6 11. O-O-O Be7 12. h4 c5 13. Bb5 Rd8 14. dxc5
Bxc5 15. Qe2 a6 16. Ba4 Bxf2 17. Bg5 Rc8 18. Qf3 Rc7 19. Rhf1 1-0

[Event "ODJM B 2018"]
[Site "Willingen GER"]
[Date "2018.05.22"]
[Round "4"]
[White "Fuchs, Florian"]
[Black "Eulitz, Charlotte"]
[Result "1/2-1/2"]
[Termination "normal"]
[Board "30"]
[WhiteElo "1661"]
[BlackElo "1547"]
[PlyCount "65"]
[WhiteFideId "16213351"]
[BlackFideId "12964654"]
[EventCountry "GER"]
[EventRounds "9"]
[EventType "swiss"]
[EventDate "2018.05.19"]

1. e4 e5 2. Nf3 Nc6 3. Bc4 Bc5 4. c3 Nf6 5. d3 a6 6. O-O d6 7. Bb3 Be6 8. Nbd2
Qd7 9. Re1 Ng4 10. Re2 O-O-O 11. Nf1 f5 12. Bxe6 Qxe6 13. d4 fxe4 14. Ng5 Qd5
15. Rd2 h5 16. dxc5 Qxc5 17. Ne6 Qb6 18. Nxd8 Rxd8 19. h3 Nf6 20. Ne3 Ne7 21.
Qb3 Qc6 22. c4 Rf8 23. Nd5 Nf5 24. Re2 Kd7 25. Nxf6+ Rxf6 26. Be3 Rg6 27. Rd1
Nh4 28. g3 Nf3+ 29. Kg2 Ke7 30. c5 Qd7 31. Qd5 Nh4+ 32. Kh2 Nf3+ 33. Kg2
1/2-1/2

[Event "ODJM B 2018"]
[Site "Willingen GER"]
[Date "2018.05.22"]
[Round "4"]
[White "Rautenberg, Jakob"]
[Black "Plum, Paul"]
[Result "1-0"]
[Termination "normal"]
[Board "31"]
[WhiteElo "1519"]
[BlackElo "1601"]
[PlyCount "107"]
[WhiteFideId "16214749"]
[BlackFideId "16225678"]
[EventCountry "GER"]
[EventRounds "9"]
[EventType "swiss"]
[EventDate "2018.05.19"]

1. e4 e5 2. Nf3 Nc6 3. d4 exd4 4. Nxd4 Qh4 5. Qd3 Nf6 6. Nd2 Nb4 7. Qe2 Bc5 8.
g3 Qh5 9. Qxh5 Nxh5 10. N2b3 Bxd4 11. Nxd4 c5 12. Bd2 O-O 13. Bxb4 cxb4 14. Bg2
Re8 15. O-O a6 16. Rfe1 g6 17. Rad1 b5 18. Nb3 Rd8 19. Nc5 Rb8 20. e5 Ng7 21.
Rd4 21... Ne6 {(=)} 22. Nxe6 fxe6 23. Rxb4 Bb7 24. Bxb7 Rxb7 25. Rd4 Rc7 26. c3
Kf7 27. Red1 Ke7 28. Rd6 Rc5 29. f4 a5 30. R1d4 a4 31. a3 g5 32. Kf2 gxf4 33.
gxf4 Rc4 34. Rxc4 bxc4 35. Rb6 d6 36. Rxd6 Rxd6 37. exd6+ Kxd6 38. Ke3 38...
Kd5 {(=)} 39. Kf3 h6 40. h3 h5 41. Ke3 e5 42. f5 h4 43. Kf3 e4+ 44. Ke3 Ke5 45.
f6 Kxf6 46. Kxe4 Kg5 47. Ke5 Kh5 48. Kf5 Kh6 49. Kg4 Kg6 50. Kxh4 Kh6 51. Kg4
Kg6 52. Kf4 Kf6 53. Ke4 Kg5 54. Kd4 1-0

[Event "ODJM B 2018"]
[Site "Willingen GER"]
[Date "2018.05.22"]
[Round "4"]
[White "Zha, Kevin"]
[Black "Johlke, Lorenz"]
[Result "1-0"]
[Termination "normal"]
[Board "32"]
[WhiteElo "1596"]
[BlackElo "1456"]
[PlyCount "51"]
[WhiteFideId "16208951"]
[BlackFideId "16252853"]
[EventCountry "GER"]
[EventRounds "9"]
[EventType "swiss"]
[EventDate "2018.05.19"]

1. e4 e5 2. Nf3 Nc6 3. d4 exd4 4. Nxd4 Nxd4 5. Qxd4 Ne7 6. Bc4 Nc6 7. Qd5 Qf6
8. O-O d6 9. Nc3 Be6 10. Qd3 Ne5 11. Bb5+ c6 12. Qg3 cxb5 13. Bg5 Qg6 14. f4 f6
15. Nxb5 Rc8 16. Nxa7 Rxc2 17. Rac1 Rxc1 18. Rxc1 Qxe4 19. fxe5 fxg5 20. exd6
Qd4+ 21. Kh1 Bxd6 22. Nb5 Qd2 23. Nxd6+ Ke7 24. Rc7+ Kf8 25. Qf3+ Kg8 26. Rc8+
1-0

[Event "ODJM B 2018"]
[Site "Willingen GER"]
[Date "2018.05.22"]
[Round "4"]
[White "Pflugradt, Natalie"]
[Black "Limberg, Thomas"]
[Result "0-1"]
[Termination "normal"]
[Board "33"]
[WhiteElo "1431"]
[BlackElo "1647"]
[PlyCount "66"]
[WhiteFideId "16212444"]
[BlackFideId "16226755"]
[EventCountry "GER"]
[EventRounds "9"]
[EventType "swiss"]
[EventDate "2018.05.19"]

1. e4 Nf6 2. e5 Nd5 3. c4 Nb6 4. d4 d6 5. exd6 cxd6 6. Nc3 g6 7. h3 Bg7 8. Nf3
O-O 9. Be2 Nc6 10. O-O Bf5 11. a3 a5 12. Be3 d5 13. b3 dxc4 14. bxc4 Rc8 15.
Rc1 Na7 16. Na4 Nxa4 17. Qxa4 Nc6 18. Rfd1 Qc7 19. Qb3 Ra8 20. d5 a4 21. Qa2
Na5 22. Rf1 Nb3 23. Rce1 e6 24. Nh4 exd5 25. Nxf5 gxf5 26. cxd5 f4 27. Bd2 Rfd8
28. Bf3 Re8 29. Rxe8+ Rxe8 30. Re1 Rxe1+ 31. Bxe1 Qc1 32. Kf1 Bc3 33. Qe2 Nd2+
0-1

[Event "ODJM B 2018"]
[Site "Willingen GER"]
[Date "2018.05.22"]
[Round "4"]
[White "Stülcken, Philipp"]
[Black "Werner, Tom"]
[Result "0-1"]
[Termination "normal"]
[Board "34"]
[WhiteElo "1399"]
[BlackElo "1615"]
[PlyCount "88"]
[WhiteFideId "12986232"]
[BlackFideId "16223756"]
[EventCountry "GER"]
[EventRounds "9"]
[EventType "swiss"]
[EventDate "2018.05.19"]

1. e4 e6 2. d4 d5 3. Nc3 Nf6 4. Bg5 Be7 5. Bxf6 Bxf6 6. e5 Be7 7. Nf3 c5 8.
Bb5+ Nc6 9. O-O a6 10. Bxc6+ bxc6 11. Ne2 cxd4 12. Qxd4 c5 13. Qg4 O-O 14. Ng3
Kh8 15. c3 f6 16. Rfe1 f5 17. Qa4 Bd7 18. Qc2 Rb8 19. b3 Qc7 20. h3 a5 21. a4
Rb6 22. Rab1 Rfb8 23. Nf1 c4 24. bxc4 Qxc4 25. N1d2 Qc8 26. Rxb6 Rxb6 27. Nd4
Bc5 28. N4f3 Qb7 29. Rb1 Rxb1+ 30. Nxb1 Qb6 31. Nd4 Bxd4 32. cxd4 Qxd4 33. Qc7
Qxa4 34. Nc3 Qc6 35. Qd8+ Be8 36. Qxa5 h6 37. Qd8 Kh7 38. Ne2 Bh5 39. Ng3 Bf7
40. Qf8 Bg8 41. Nh5 Qc1+ 42. Kh2 Qg5 43. Ng3 f4 44. Ne2 Qxe5 0-1

[Event "ODJM B 2018"]
[Site "Willingen GER"]
[Date "2018.05.22"]
[Round "4"]
[White "Weber, Tom"]
[Black "Chlechowitz, Maximilian"]
[Result "1-0"]
[Termination "normal"]
[Board "35"]
[WhiteElo "1433"]
[BlackElo "1622"]
[PlyCount "63"]
[WhiteFideId "16266064"]
[BlackFideId "16222571"]
[EventCountry "GER"]
[EventRounds "9"]
[EventType "swiss"]
[EventDate "2018.05.19"]

1. e4 d6 2. d4 Nf6 3. Nc3 e5 4. Nge2 Be7 5. f4 Nbd7 6. Be3 O-O 7. Qd2 c5 8. d5
exf4 9. Bxf4 a6 10. a4 Re8 11. Ng3 g6 12. Be2 Bf8 13. O-O Qe7 14. Bg5 Bg7 15.
Rae1 Qe5 16. Rf2 Qd4 17. Qc1 Nb6 18. Ref1 Rf8 19. Kh1 Ng4 20. Bxg4 Bxg4 21. Qf4
Bc8 22. Be7 Be5 23. Qf3 f6 24. Bxf8 Kxf8 25. Nge2 Qb4 26. Nf4 Nxa4 27. Nxa4
Qxa4 28. Nd3 Bd4 29. Re2 Qd7 30. c3 Be5 31. Nxe5 dxe5 32. Qxf6+ 1-0

[Event "ODJM B 2018"]
[Site "Willingen GER"]
[Date "2018.05.22"]
[Round "4"]
[White "Borgmann, Simon"]
[Black "von Jan, Lena"]
[Result "1/2-1/2"]
[Termination "normal"]
[Board "36"]
[WhiteElo "1614"]
[BlackElo "1480"]
[PlyCount "43"]
[WhiteFideId "16234677"]
[BlackFideId "12946060"]
[EventCountry "GER"]
[EventRounds "9"]
[EventType "swiss"]
[EventDate "2018.05.19"]

1. d4 d5 2. Nf3 Nf6 3. e3 e6 4. Bd3 c5 5. b3 Nc6 6. Bb2 Be7 7. Nbd2 O-O 8. O-O
b6 9. c4 dxc4 10. Nxc4 Bb7 11. Nce5 Nxe5 12. Nxe5 Qd5 13. Qf3 Qxf3 14. Nxf3 Nd5
15. Be2 Rac8 16. Rac1 Rfd8 17. Rfd1 h6 18. h3 Bf8 19. Ba1 Nf6 20. dxc5 Bxc5 21.
Rxd8+ Rxd8 22. Rd1 1/2-1/2

[Event "ODJM B 2018"]
[Site "Willingen GER"]
[Date "2018.05.22"]
[Round "4"]
[White "Seliokaite, Ana"]
[Black "Reyher, Susan"]
[Result "0-1"]
[Termination "normal"]
[Board "37"]
[WhiteElo "1305"]
[BlackElo "1759"]
[PlyCount "38"]
[WhiteFideId "16224817"]
[BlackFideId "24686107"]
[EventCountry "GER"]
[EventRounds "9"]
[EventType "swiss"]
[EventDate "2018.05.19"]

1. e4 e5 2. Nf3 Nf6 3. Nxe5 d6 4. Nxf7 Kxf7 5. d4 Be7 6. Bd3 Re8 7. O-O Nc6 8.
Bc4+ Kf8 9. Nc3 a6 10. h3 b5 11. Be2 b4 12. Nd5 Bb7 13. Nxf6 Bxf6 14. d5 Ne5
15. f4 Nd7 16. Bf3 Nc5 17. Re1 Na4 18. Rb1 a5 19. b3 Nc3 0-1

[Event "ODJM B 2018"]
[Site "Willingen GER"]
[Date "2018.05.22"]
[Round "4"]
[White "Silber, Stefanie"]
[Black "Huppert, Anna"]
[Result "0-1"]
[Termination "normal"]
[Board "38"]
[WhiteElo "1685"]
[BlackElo "1371"]
[PlyCount "82"]
[WhiteFideId "12918245"]
[BlackFideId "16214439"]
[EventCountry "GER"]
[EventRounds "9"]
[EventType "swiss"]
[EventDate "2018.05.19"]

1. e4 e6 2. d4 d5 3. exd5 exd5 4. Bd3 Bd6 5. Nf3 Nc6 6. c3 Nge7 7. Bg5 f6 8.
Bh4 Bf5 9. O-O Bxd3 10. Qxd3 Qd7 11. Bg3 Bxg3 12. hxg3 O-O-O 13. b4 g5 14. b5
Na5 15. Nbd2 h5 16. Nb3 Nc4 17. a4 h4 18. Nc5 Qd6 19. Rfe1 hxg3 20. Re6 gxf2+
21. Kxf2 Qf4 22. Rxe7 g4 23. Rxc7+ Qxc7 24. Qf5+ Kb8 25. Ne6 Qd7 26. Qxg4 Rde8
27. Qf4+ Kc8 28. Nc5 Qe7 29. Re1 Qf7 30. Ng5 Qg6 31. Rxe8+ Rxe8 32. Qg4+ Kb8
33. Qg3+ Kc8 34. Qh3+ f5 35. Nf3 b6 36. Na6 Qe6 37. Nb4 Qe2+ 38. Kg3 Rg8+ 39.
Kh2 Ne3 40. Nh4 Ng4+ 41. Kg1 Qe1# 0-1

[Event "ODJM B 2018"]
[Site "Willingen GER"]
[Date "2018.05.22"]
[Round "4"]
[White "Alferova, Ekaterina"]
[Black "Becker, Lukas"]
[Result "1-0"]
[Termination "normal"]
[Board "39"]
[WhiteElo "1600"]
[BlackElo "1540"]
[PlyCount "61"]
[WhiteFideId "16217250"]
[EventCountry "GER"]
[EventRounds "9"]
[EventType "swiss"]
[EventDate "2018.05.19"]

1. d4 g6 2. Nc3 Bg7 3. e4 c5 4. dxc5 Qa5 5. Bd2 Qxc5 6. Nd5 e6 7. Bb4 Qc6 8.
Bb5 Na6 9. Bxc6 bxc6 10. Bc3 f6 11. Nf4 e5 12. Nd3 Ne7 13. Ne2 O-O 14. O-O d5
15. exd5 cxd5 16. Nb4 Nc7 17. f3 Bb7 18. Nd3 Nf5 19. Bd2 d4 20. Nc5 Bc6 21. Ng3
Ne3 22. Bxe3 dxe3 23. Qe2 Bh6 24. Rfd1 Kh8 25. Nd7 Rf7 26. Qc4 Rxd7 27. Qxc6
Rf7 28. Rd7 Rxd7 29. Qxd7 Ne8 30. Rd1 Bf8 31. Qb7 1-0

[Event "ODJM B 2018"]
[Site "Willingen GER"]
[Date "2018.05.22"]
[Round "4"]
[White "Henzgen, Nick"]
[Black "Lilienthal, Niels Bennett"]
[Result "1/2-1/2"]
[Termination "normal"]
[Board "40"]
[WhiteElo "1633"]
[BlackElo "1723"]
[PlyCount "138"]
[WhiteFideId "16212347"]
[BlackFideId "16205421"]
[EventCountry "GER"]
[EventRounds "9"]
[EventType "swiss"]
[EventDate "2018.05.19"]

1. d4 Nf6 2. Nf3 g6 3. e3 Bg7 4. Be2 O-O 5. b3 d6 6. Bb2 Nbd7 7. O-O c5 8. c4
b6 9. Nc3 e6 10. d5 e5 11. Qc2 Ne8 12. a3 f5 13. e4 f4 14. Nd2 Ndf6 15. f3 Nh5
16. Rfb1 Bf6 17. Nf1 Bh4 18. Nd1 g5 19. Bc3 Nef6 20. Nf2 Bxf2+ 21. Kxf2 g4 22.
Ke1 gxf3 23. Bxf3 Bg4 24. Qe2 Qd7 25. h3 Bxf3 26. Qxf3 Qg7 27. Kd2 Kf7 28. Kd3
Rg8 29. Ra2 Qh6 30. Be1 Rg6 31. Rab2 Rag8 32. b4 Ng3 33. Nd2 Ngh5 34. Nf1 Ng3
35. Nd2 Ke7 36. bxc5 dxc5 37. a4 Nf5 38. Nf1 Nd4 39. Qd1 Nd7 40. Nh2 {(=)}
40... Qg7 41. Nf1 Qh6 42. h4 Qf8 43. Nh2 Qf6 44. Nf3 Kd6 45. Rd2 Nxf3 46. gxf3
Rg1 47. Rh2 a5 48. Qe2 h5 49. Rb2 Kc7 50. Qd2 {(=)} 50... R1g6 51. Bf2 Rg2 52.
Rxg2 Rxg2 53. Qe1 Nb8 54. Qf1 Qg6 55. Rc2 Na6 56. Be1 Rg1 57. Qf2 Rxe1 58. Qxe1
Nb4+ 59. Kc3 Nxc2 60. Kxc2 Qg2+ 61. Kd1 Qxf3+ 62. Qe2 Qb3+ 63. Qc2 Qg3 64. Qb2
f3 65. d6+ Kc6 66. Qb5+ Kb7 67. Qd7+ Ka6 68. Qc8+ Ka7 69. Qc7+ Ka6 1/2-1/2

[Event "ODJM B 2018"]
[Site "Willingen GER"]
[Date "2018.05.22"]
[Round "4"]
[White "Uhlendorff, Luca"]
[Black "Ljuca, Rijad"]
[Result "1/2-1/2"]
[Termination "normal"]
[Board "42"]
[WhiteElo "1590"]
[BlackElo "1441"]
[PlyCount "42"]
[WhiteFideId "16221923"]
[BlackFideId "16216121"]
[EventCountry "GER"]
[EventRounds "9"]
[EventType "swiss"]
[EventDate "2018.05.19"]

1. d4 d5 2. Bf4 Nf6 3. e3 Bf5 4. c4 c6 5. Qb3 Qb6 6. c5 Qxb3 7. axb3 Nbd7 8.
Nc3 e6 9. b4 Nh5 10. Nf3 Nxf4 11. exf4 Be7 12. b5 O-O 13. Ne5 Nxe5 14. fxe5 f6
15. exf6 Bxf6 16. Rd1 Rfe8 17. f4 g5 18. g3 gxf4 19. gxf4 Bh4+ 20. Kd2 Bf2 21.
Ke2 Bh4 1/2-1/2

[Event "ODJM B 2018"]
[Site "Willingen GER"]
[Date "2018.05.22"]
[Round "4"]
[White "Riegler, Moritz"]
[Black "Ewerhardy, Moritz"]
[Result "0-1"]
[Termination "normal"]
[Board "43"]
[WhiteElo "1606"]
[BlackElo "1348"]
[PlyCount "48"]
[WhiteFideId "16266030"]
[BlackFideId "36052086"]
[EventCountry "GER"]
[EventRounds "9"]
[EventType "swiss"]
[EventDate "2018.05.19"]

1. e4 c5 2. Nf3 d6 3. Bb5+ Bd7 4. Bxd7+ Qxd7 5. Nc3 Nc6 6. d3 e5 7. O-O g6 8.
Nd2 Bg7 9. f4 exf4 10. Rxf4 Nge7 11. Nd5 Nxd5 12. exd5 Ne5 13. Ne4 Qe7 14. Rf1
O-O 15. Bf4 h6 16. Nd2 b5 17. a4 a6 18. axb5 axb5 19. Qe2 Qb7 20. Rxa8 Rxa8 21.
Bxe5 Bxe5 22. Ne4 Qxd5 23. Qf3 Kh8 24. Qxf7 Bd4+ 0-1

[Event "ODJM B 2018"]
[Site "Willingen GER"]
[Date "2018.05.22"]
[Round "4"]
[White "Kieselbach, Marvin"]
[Black "Zell, Hannah"]
[Result "0-1"]
[Termination "normal"]
[Board "44"]
[WhiteElo "1440"]
[BlackElo "1547"]
[PlyCount "134"]
[WhiteFideId "16235770"]
[BlackFideId "16208900"]
[EventCountry "GER"]
[EventRounds "9"]
[EventType "swiss"]
[EventDate "2018.05.19"]

1. d4 d5 2. e3 Nf6 3. Nf3 Bf5 4. c4 e6 5. Qb3 b6 6. Qa4+ c6 7. Nc3 Be7 8. h3
O-O 9. Ne5 Qc7 10. g4 Bg6 11. h4 h6 12. g5 Ne4 13. gxh6 gxh6 14. Qd1 Kh7 15.
Nxg6 fxg6 16. Nxe4 dxe4 17. Qg4 Qd7 18. Qxe4 Bb4+ 19. Kd1 Rxf2 20. h5 Qf7 21.
hxg6+ Qxg6 22. Rxh6+ Kxh6 23. Qh4+ Qh5+ 24. Qxh5+ Kxh5 25. Be2+ Kg6 26. a3 Bd6
27. b4 Nd7 28. Ke1 Bg3 29. Bd3+ Kg7 30. Kd1 Raf8 31. a4 Rh2 32. e4 Rh1+ 33. Kc2
Rf2+ 34. Kb3 Bf4 35. Bb2 Rxa1 36. Bxa1 Kf7 37. a5 Nf6 38. axb6 axb6 39. b5 cxb5
40. cxb5 Rf3 41. Kc4 Bd2 42. e5 Nd5 43. Be4 Rf1 44. Bb2 Bc1 45. Bc3 Nxc3 46.
Kxc3 Rf4 47. Kd3 Ke7 48. Bc6 Bb2 49. Be4 Rf1 50. Ke2 Ra1 51. Ke3 Ra4 52. d5
Bxe5 53. dxe6 Rxe4+ 54. Kxe4 Kxe6 55. Kd3 Kd5 56. Kc2 Kc4 57. Kb1 Kxb5 58. Kc2
Kc4 59. Kc1 Kb3 60. Kb1 b5 61. Kc1 Ka2 62. Kc2 b4 63. Kd3 b3 64. Kc4 b2 65. Kb5
b1=Q+ 66. Ka6 Qb4 67. Ka7 Bc7 0-1

[Event "ODJM B 2018"]
[Site "Willingen GER"]
[Date "2018.05.22"]
[Round "4"]
[White "Graf, Maria"]
[Black "Poggemann, Alexander"]
[Result "0-1"]
[Termination "normal"]
[Board "45"]
[WhiteElo "1537"]
[BlackElo "1519"]
[PlyCount "64"]
[WhiteFideId "12917702"]
[BlackFideId "16224167"]
[EventCountry "GER"]
[EventRounds "9"]
[EventType "swiss"]
[EventDate "2018.05.19"]

1. d4 Nf6 2. Nf3 g6 3. Bf4 Bg7 4. e3 O-O 5. Nbd2 c6 6. c3 d6 7. Be2 Bf5 8. h3
Nbd7 9. O-O Qc7 10. Re1 Rfe8 11. Bh2 e5 12. dxe5 dxe5 13. Nc4 Ne4 14. Nd4 Be6
15. Qc2 Bxc4 16. Bxc4 Nd6 17. Qb3 b5 18. Nxb5 cxb5 19. Bd5 Nc5 20. Qc2 Rad8 21.
Rad1 e4 22. Rd2 Be5 23. g3 Nd3 24. Red1 Nc4 25. Bxe4 Nxd2 26. Bxd3 Nf3+ 27. Kg2
Nxh2 28. Kxh2 Bxg3+ 29. fxg3 Rxe3 30. Bf1 Qxg3+ 31. Kh1 Qf3+ 32. Kh2 Rxd1 0-1

[Event "ODJM B 2018"]
[Site "Willingen GER"]
[Date "2018.05.22"]
[Round "4"]
[White "Kublanov, Elizabeth"]
[Black "Hövert, Kai"]
[Result "1-0"]
[Termination "normal"]
[Board "46"]
[WhiteElo "1579"]
[BlackElo "1471"]
[PlyCount "81"]
[WhiteFideId "12944564"]
[BlackFideId "16266056"]
[EventCountry "GER"]
[EventRounds "9"]
[EventType "swiss"]
[EventDate "2018.05.19"]

1. d4 d5 2. c4 e6 3. Nc3 c6 4. Nf3 Nf6 5. Bg5 Nbd7 6. e3 Qa5 7. Bxf6 Nxf6 8.
Qc2 Ne4 9. cxd5 exd5 10. Bd3 Bb4 11. Bxe4 dxe4 12. Qxe4+ Be6 13. O-O O-O 14.
Qc2 Bd6 15. e4 f6 16. Rfe1 Qh5 17. e5 Bc7 18. Re4 Qg6 19. Nh4 Qh6 20. Nf3 Qg6
21. Qd2 fxe5 22. Nxe5 Qh5 23. Ne2 Rad8 24. Ng3 Qe8 25. Rae1 Bxa2 26. Nf3 Qf7
27. Re7 Qf4 28. Qc3 Rf7 29. R7e4 Qh6 30. b3 Rf4 31. Re6 g6 32. Qc4 Kf8 33. Qc5+
Kg8 34. Qa3 Rf7 35. Qxa2 Bb6 36. b4 Kf8 37. Ne5 Rc7 38. Rf6+ Kg7 39. Rf7+ Kh8
40. Rxc7 Bxc7 41. Nf7+ 1-0